Mixed Word: Code Breaker Quiz Stats

 Plays Quiz Updated Apr 12, 2012

     
Support Sporcle.
Go Orange.
Score 0/13 Timer 03:00
0 Plays Today
Hint (Plus One Extra Letter) Heist Movie Title % Correct
HET TAILANI BOJEThe Italian Job
90.8%
A HIFS LACEDL DAWNSAA Fish Called Wanda
81.5%
GOOD AYD NOOTERFANDog Day Afternoon
78.6%
HET SHOTMAN WORCN RAFFIAThe Thomas Crown Affair
64.3%
INPOT BACKERPoint Break
64.1%
ENPARETMENTEntrapment
61.7%
NICEPOINTEInception
47.8%
HAVETHeat
47.2%
OVERRIERS GODASReservoir Dogs
41.9%
INDIES NAMEInside Man
40%
INLORNRonin
32.7%
~Coded Answer~Ocean's Eleven
32.2%
NITHESHeist
29.3%

From the Vault

Men's Elite 8 Teams of the 2010s

by patrickkhurley

Sports 12m
Hint: they all had someone good at basketball on the team.
Remove Ads.
Support Sporcle.
Get the best of Sporcle when you Go Orange. This ad-free experience offers more features, more stats, and more fun while also helping to support Sporcle. Thank you for becoming a member.

Show Comments

Extras

Top Quizzes Today


Score Distribution

Your Account Isn't Verified!

In order to create a playlist on Sporcle, you need to verify the email address you used during registration. Go to your Sporcle Settings to finish the process.

Report this User

Report this user for behavior that violates our Community Guidelines.

Details: